Pilvisimmät valtiot - Statistics

Yleistilastot
  • Tätä visaa on pelattu 703 kertaa
  • Keskiarvotulos 14 / 20
Vastaustilastot
% Maanosa Valtio % Oikein
81,5 Eurooppa Norja
96%
79,6 Eurooppa Suomi
96%
78,2 Eurooppa Ruotsi
95%
78,4 Eurooppa Yhdistynyt kuningaskunta
91%
84,4 Eurooppa Islanti
90%
71,5 Eurooppa Saksa
89%
71,0 Eurooppa Viro
89%
80,1 Eurooppa Irlanti
85%
72,2 Eurooppa Tanska
85%
71,1 Eurooppa Puola
80%
74,4 Eurooppa Alankomaat
78%
72,6 Eurooppa Belgia
77%
72,0 Eurooppa Luxemburg
65%
70,5 Eurooppa Tšekki
57%
79,4 Etelä-Amerikka Ecuador
46%
71,2 Oseania Nauru
45%
70,2 Oseania Mikronesia
36%
83,5 Afrikka São Tomé ja Príncipe
24%
75,5 Afrikka Gabon
23%
75,2 Afrikka Päiväntasaajan Guinea
19%
Ehtoja vastaavia visoja ei löytynyt
Tulosjakauma
Jokaisen tuloksen saaneiden osuus
Persentiili vastausten määrän mukaan
Tuloshistoriasi
Et ole pelannut tätä visaa